| 000 | 00622nam a2200229Ia 4500 | ||
|---|---|---|---|
| 005 | 20260429111857.0 | ||
| 008 | 260429s9999||||xx |||||||||||||| ||und|| | ||
| 020 | _a9780826459206 | ||
| 041 | _aEnglish | ||
| 082 |
_a809 _bAND |
||
| 100 | _aAndersen, Hans Christian | ||
| 245 | 0 |
_aLiterature and tourism / _cHans Christian Andersen |
|
| 260 |
_aLondon : _bContinuum , _c2012. |
||
| 300 | _axix, 300 p.; hb | ||
| 650 | _a Cultural tourism | ||
| 650 | _a Heritage tourism | ||
| 650 | _a Literature studies | ||
| 650 | _a Travel writing | ||
| 650 | _aLiterary tourism | ||
| 700 | _a Robinson, Mike | ||
| 942 | _cTB | ||
| 999 |
_c51239 _d51239 |
||